LEADER 01262nam a22002651i 4500 001 991001915779707536 005 20040402123344.0 008 040407s1994 it |||||||||||||||||eng 035 $ab12842631-39ule_inst 035 $aARCHE-082225$9ExL 040 $aDip.to Scienze Storiche$bita$cA.t.i. Arché s.c.r.l. Pandora Sicilia s.r.l. 082 04$a363.7 100 1 $aCarraro, Carlo$089119 245 10$aInternational coordination of environmental policies and stability of global environmental agreements /$cCarlo Carraro and Domenico Siniscalco 260 $aMilano :$bFondazione Eni Enrico Mattei,$c1994 300 $a15 p. ;$c21 cm 440 0$aNote di lavoro della Fondazione ENI Enrico Mattei ;$v57.94 650 4$aPolitica ambientale$xAccordi internazionali 700 1 $aSiniscalco, Domenico$eauthor$4http://id.loc.gov/vocabulary/relators/aut$0460411 907 $a.b12842631$b02-04-14$c16-04-04 912 $a991001915779707536 945 $aLE009 GEOG.COLL.14A/57$g1$i2009000311343$lle009$o-$pE0.00$q-$rl$s- $t0$u0$v0$w0$x0$y.i13396821$z16-04-04 996 $aInternational coordination of environmental policies and stability of global environmental agreements$91448239 997 $aUNISALENTO 998 $ale009$b16-04-04$cm$da $e-$feng$git $h0$i1